Introduction to Library Science (Record no. 1958)
[ view plain ]
| 000 -LEADER | |
|---|---|
| fixed length control field | 00324nam a22001337a 4500 |
| 008 - FIXED-LENGTH DATA ELEMENTS--GENERAL INFORMATION | |
| fixed length control field | 260414b |||||||| |||| 00| 0 eng d |
| 020 ## - INTERNATIONAL STANDARD BOOK NUMBER | |
| International Standard Book Number | 9781234567890 |
| 100 ## - MAIN ENTRY--PERSONAL NAME | |
| Personal name | Smith, John |
| 245 ## - TITLE STATEMENT | |
| Title | Introduction to Library Science |
| 260 ## - PUBLICATION, DISTRIBUTION, ETC. | |
| Name of publisher, distributor, etc. | ABC Publishing |
| Date of publication, distribution, etc. | 2018 |
| 942 ## - ADDED ENTRY ELEMENTS (KOHA) | |
| Source of classification or shelving scheme | Dewey Decimal Classification |
| Koha item type | BOOKS |
| Suppress in OPAC | No |
No items available.